000
00433nam a2200169Ia 4500
008
090711s9999 xx 000 0 und d
082
_b
71972
100
_a
जाधव प्रल्हाद
245
_a
यमक
260
_c
1993
300
_a
68
600
_a
जाधव प्रल्हाद
630
_a
यमक
700
_a
जाधव प्रल्हाद
730
_a
यमक
942
_c
BOOK
999
_c
308408
_d
308408